=LDR 00000nam 2200000 4500 =001 INLIS000000000044029 =005 20131008104322 =008 ***********************************Ind** =035 ##$$0010-101300000001951 =041 ##$$a Ind =082 ##$$a 135 =090 ##$$a 135, Ush m =100 ##$$a Al-Ushaimy, Syekh Fahd Bin Saud =245 ##$$a Mimpi dan bunga-bunga mimpi (kajian alquran dan hadis) =260 ##$$a 2004 $b Jakarta =300 ##$$a 140 hlm, 21 cm =650 ##$$a Mimpi =850 ##$$a NBPNMAT